[Event "V C.to Unione Europea"]
[Site "Arvier ITA"]
[Date "2010.09.11"]
[Round "8"]
[White "Tate, Alan"]
[Black "Ricci, Marco"]
[Result "1-0"]
[WhiteElo "2234"]
[BlackElo "2081"]
[PlyCount "65"]
[EventDate "2010.09.04"]

1. e4 e5 2. Nf3 Nc6 3. Bc4 Bc5 4. c3 Nf6 5. d3 a6 6. Bb3 Ba7 7. h3 h6 8. Nbd2
O-O 9. O-O d6 10. Re1 Re8 11. Nf1 Be6 12. Ng3 d5 13. exd5 Bxd5 14. Bc2 Bxf3 15.
Qxf3 Qd5 16. Ne4 Nxe4 17. Rxe4 Qe6 18. Rg4 Rf8 19. Qg3 Qf6 20. Bd2 Rad8 21. Re1
Bc5 22. Re2 Rfe8 23. Rge4 Bd6 24. f4 Kf8 25. Qe1 Re7 26. fxe5 Rxe5 27. d4 Re7
28. Rxe7 Nxe7 29. Re3 Nd5 30. Rf3 Qe7 31. Qf2 c6 32. Bg6 Nf6 33. Bh5 1-0

[Event "V C.to Unione Europea"]
[Site "Arvier ITA"]
[Date "2010.09.11"]
[Round "8"]
[White "Valenti, Giuseppe"]
[Black "De Leeuw, Johannes"]
[Result "0-1"]
[WhiteElo "2162"]
[BlackElo "1882"]
[PlyCount "86"]
[EventDate "2010.09.04"]

1. e4 e5 2. Nf3 Nc6 3. Bb5 a6 4. Ba4 Be7 5. O-O b5 6. Bb3 Nf6 7. Re1 O-O 8. d3
d6 9. c3 Na5 10. Bc2 c5 11. Nbd2 Nc6 12. a4 b4 13. Nc4 Be6 14. Bb3 h6 15. h3 a5
16. Be3 Rb8 17. Qc2 Qc7 18. Rad1 bxc3 19. bxc3 Rb7 20. Bc1 Rfb8 21. Ba2 Bd8 22.
Re2 Be7 23. Ba3 Nh5 24. Bc1 Nf6 25. Rf1 Qc8 26. Nh2 g5 27. Ne3 Bxa2 28. Qxa2
Qe6 29. Qd2 Bf8 30. Nf5 Ne7 31. g4 Ng6 32. Re3 Nf4 33. Rf3 Kh7 34. Rg3 Rb1 35.
Ne3 Qb3 36. h4 Kg6 37. hxg5 hxg5 38. Re1 Qxa4 39. d4 cxd4 40. cxd4 Qb5 41. Kh1
Rc8 42. Rgg1 a4 43. dxe5 dxe5 0-1

[Event "V C.to Unione Europea"]
[Site "Arvier ITA"]
[Date "2010.09.12"]
[Round "9"]
[White "Baloire, Endy"]
[Black "Moncelli, Giorgio"]
[Result "0-1"]
[WhiteElo "1953"]
[BlackElo "2089"]
[PlyCount "52"]
[EventDate "2010.09.04"]

1. d4 d5 2. Bf4 Nf6 3. e3 c5 4. c3 Nc6 5. Nf3 Qb6 6. Qb3 c4 7. Qc2 Bf5 8. Qc1
h6 9. Nbd2 Rc8 10. Be2 e6 11. O-O Qd8 12. Ne5 Bd6 13. f3 Nh5 14. Nxc6 Rxc6 15.
Bxd6 Qxd6 16. g4 Ng3 17. hxg3 Qxg3+ 18. Kh1 h5 19. g5 Qh4+ 20. Kg1 Qxg5+ 21.
Kh1 Qh4+ 22. Kg1 Qg3+ 23. Kh1 Qh3+ 24. Kg1 Rh6 25. Bxc4 Qg3+ 26. Kh1 Rg6 0-1

[Event "V C.to Unione Europea"]
[Site "Arvier ITA"]
[Date "2010.09.12"]
[Round "9"]
[White "Bisi, Riccardo"]
[Black "Renzini, Lorenzo"]
[Result "1-0"]
[WhiteElo "1587"]
[BlackElo "1751"]
[PlyCount "102"]
[EventDate "2010.09.04"]

1. e4 c5 2. Nf3 d6 3. d4 cxd4 4. Nxd4 Nf6 5. Nc3 a6 6. f3 e6 7. Be3 Be7 8. g4
Nfd7 9. Qd2 Bh4+ 10. Bf2 Ne5 11. O-O-O Be7 12. Be2 Nbc6 13. h4 Nxd4 14. Qxd4 f6
15. f4 Nc6 16. Qe3 Qc7 17. g5 Bd7 18. h5 fxg5 19. fxg5 O-O-O 20. g6 h6 21. Bg3
e5 22. Kb1 Bg5 23. Qd3 Be6 24. Nd5 Bxd5 25. Qxd5 Nb4 26. Qe6+ Kb8 27. Qb3 a5
28. c3 Nc6 29. Bf2 Qd7 30. Bb5 Rc8 31. Bb6 Qe7 32. Bxc6 Rxc6 33. Bxa5 Rf8 34.
Bb4 Rf4 35. Qd5 Kc7 36. Rhf1 Kd7 37. c4 Qe6 38. Rxf4 Bxf4 39. c5 Qxd5 40. Rxd5
Be3 41. Rxd6+ Rxd6 42. cxd6 b6 43. Kc2 Bc5 44. Bxc5 bxc5 45. Kc3 Kxd6 46. Kc4
Kc6 47. a4 Kb6 48. a5+ Kc6 49. a6 Kb6 50. a7 Kxa7 51. Kxc5 Kb7 1-0

[Event "V C.to Unione Europea"]
[Site "Arvier ITA"]
[Date "2010.09.12"]
[Round "9"]
[White "Bisi, Samuele"]
[Black "Cattaneo, Roger"]
[Result "1-0"]
[WhiteElo "1829"]
[BlackElo "1748"]
[PlyCount "61"]
[EventDate "2010.09.04"]

1. d4 d5 2. Nf3 e6 3. c4 Nf6 4. Nc3 c6 5. Bg5 Be7 6. e3 O-O 7. Rc1 Nbd7 8. Bd3
dxc4 9. Bxc4 Nb6 10. Bd3 c5 11. dxc5 Bxc5 12. Bxf6 Qxf6 13. O-O Qe7 14. Ne4 Bd6
15. Nxd6 Rd8 16. Nxc8 Rdxc8 17. Rxc8+ Nxc8 18. Qc2 e5 19. Rd1 g6 20. Bc4 Nd6
21. Bd5 e4 22. Nd4 Rc8 23. Qb3 Rc5 24. Ne2 Qc7 25. Nc3 a6 26. Nxe4 Rb5 27. Qc3
Qxc3 28. Nxc3 Rxb2 29. Bb3 a5 30. Rxd6 a4 31. Nxa4 1-0

[Event "V C.to Unione Europea"]
[Site "Arvier ITA"]
[Date "2010.09.12"]
[Round "9"]
[White "Brunello, Roberta"]
[Black "Grant, Jonathan I.M."]
[Result "0-1"]
[WhiteElo "2066"]
[BlackElo "2210"]
[PlyCount "68"]
[EventDate "2010.09.04"]

1. e4 c6 2. d4 d5 3. e5 Bf5 4. Nf3 e6 5. Be2 Nd7 6. O-O h6 7. Nbd2 Ne7 8. b3
Bh7 9. Re1 Ng6 10. Nf1 Bb4 11. Bd2 Qa5 12. Bxb4 Qxb4 13. Qc1 O-O 14. Qe3 c5 15.
c4 cxd4 16. Qxd4 Ne7 17. Bd3 Bxd3 18. Qxd3 Nc5 19. Qd2 a5 20. Rec1 b6 21. Rc2
Rfd8 22. Qe3 Nf5 23. Qf4 a4 24. Rb1 axb3 25. axb3 Rac8 26. g4 g5 27. Nxg5 hxg5
28. Qxg5+ Ng7 29. Ng3 Ne4 30. Qh6 Nxg3 31. hxg3 dxc4 32. f3 Qc5+ 33. Kh1 Qxe5
34. Rg2 Kf8 0-1

[Event "V C.to Unione Europea"]
[Site "Arvier ITA"]
[Date "2010.09.12"]
[Round "9"]
[White "Cafolla, Peter"]
[Black "Gallucci, Alessio"]
[Result "0-1"]
[WhiteElo "2088"]
[BlackElo "2144"]
[PlyCount "56"]
[EventDate "2010.09.04"]

1. e4 c5 2. Nc3 Nc6 3. g3 g6 4. Bg2 Bg7 5. d3 d6 6. f4 e6 7. Nf3 Nge7 8. O-O
O-O 9. Be3 Nd4 10. e5 Nef5 11. Bf2 Nxf3+ 12. Qxf3 Nd4 13. Qd1 dxe5 14. fxe5
Bxe5 15. Ne4 f5 16. Nxc5 Qd6 17. Nxb7 Bxb7 18. Bxb7 Rab8 19. Bg2 Rxb2 20. c4 f4
21. c5 Qxc5 22. gxf4 Rxf4 23. Be3 Rxf1+ 24. Qxf1 Ne2+ 25. Qxe2 Rxe2 26. Bxc5
Bxa1 27. Bxa7 Rxa2 28. Bb8 Bd4+ 0-1

[Event "V C.to Unione Europea"]
[Site "Arvier ITA"]
[Date "2010.09.12"]
[Round "9"]
[White "Caprio, Guido"]
[Black "Pepino, Enrico"]
[Result "1/2-1/2"]
[WhiteElo "2265"]
[BlackElo "2205"]
[PlyCount "71"]
[EventDate "2010.09.04"]

1. d4 d5 2. c4 c6 3. Nf3 Nf6 4. Nc3 e6 5. Bg5 Be7 6. e3 Nbd7 7. Bd3 O-O 8. O-O
b6 9. Rc1 Bb7 10. Qe2 c5 11. cxd5 exd5 12. Ba6 Qc8 13. Bd3 Qd8 14. Rfd1 Ne4 15.
Bxe7 Qxe7 16. Ba6 Ndf6 17. Ne5 c4 18. Bxb7 Qxb7 19. f3 Nxc3 20. bxc3 Rfc8 21.
Rb1 Rab8 22. Re1 Nd7 23. Ng4 f5 24. Nf2 Nf6 25. h3 Qf7 26. g4 fxg4 27. hxg4 b5
28. Rb2 a6 29. Kg2 Re8 30. Qd1 Nd7 31. a4 Rf8 32. axb5 Rxb5 33. Rxb5 axb5 34.
Rh1 Nb6 35. Nh3 Qe7 36. Qd2 1/2-1/2

[Event "V C.to Unione Europea"]
[Site "Arvier ITA"]
[Date "2010.09.12"]
[Round "9"]
[White "De Leeuw, Johannes"]
[Black "Marguerettaz, Davy"]
[Result "0-1"]
[WhiteElo "1882"]
[BlackElo "2116"]
[PlyCount "108"]
[EventDate "2010.09.04"]

1. e4 c5 2. Nf3 Nc6 3. c3 e6 4. d4 d5 5. exd5 Qxd5 6. Be3 cxd4 7. Nxd4 Nxd4 8.
Qxd4 Qxd4 9. Bxd4 Bd7 10. Nd2 Bc6 11. f3 Ne7 12. Bd3 f6 13. Nc4 O-O-O 14. O-O-O
b6 15. Rhe1 e5 16. Bf2 g6 17. Be4 Bh6+ 18. Kc2 Kc7 19. Rxd8 Rxd8 20. Rd1 Rxd1
21. Kxd1 f5 22. Bxc6 Nxc6 23. b4 b5 24. Nb2 e4 25. fxe4 fxe4 26. Ke2 Kd6 27. a4
a6 28. axb5 axb5 29. Be3 Bg7 30. Nd1 Kd5 31. Kd2 Ne5 32. h3 Nd3 33. g4 Kc4 34.
Kc2 Ne1+ 35. Kd2 Nf3+ 36. Kc2 Kd5 37. Kb3 Ne5 38. Bd4 Bh6 39. Be3 Bf8 40. Bd4
Nc4 41. Ne3+ Nxe3 42. Bxe3 Bg7 43. Bf4 Be5 44. Be3 Bg3 45. g5 Bh4 46. Kb2 Kc4
47. Kc2 Be1 48. Bd2 Bxd2 49. Kxd2 e3+ 50. Kxe3 Kxc3 51. Ke4 Kxb4 52. Kd3 Kb3
53. Kd2 b4 54. Kc1 Ka2 0-1

[Event "V C.to Unione Europea"]
[Site "Arvier ITA"]
[Date "2010.09.12"]
[Round "9"]
[White "Delaney, John"]
[Black "Tate, Alan"]
[Result "1/2-1/2"]
[WhiteElo "2220"]
[BlackElo "2234"]
[PlyCount "35"]
[EventDate "2010.09.04"]

1. e4 c5 2. Nf3 d6 3. d4 Nf6 4. Nc3 cxd4 5. Nxd4 a6 6. Bc4 e6 7. Bb3 Nbd7 8.
Qe2 Nc5 9. f4 Be7 10. O-O O-O 11. Kh1 Qc7 12. e5 dxe5 13. fxe5 Nfd7 14. Bf4 b5
15. Nf5 exf5 16. e6 Qd8 17. exd7 Bxd7 18. Nd5 1/2-1/2

[Event "V C.to Unione Europea"]
[Site "Arvier ITA"]
[Date "2010.09.12"]
[Round "9"]
[White "Estremera Panos, Sergio"]
[Black "Brunello, Marina"]
[Result "1-0"]
[WhiteElo "2337"]
[BlackElo "2212"]
[PlyCount "73"]
[EventDate "2010.09.04"]

1. c4 Nf6 2. Nf3 e6 3. Nc3 d5 4. d4 Be7 5. Bg5 Nbd7 6. e3 O-O 7. Bd3 dxc4 8.
Bxc4 a6 9. a4 b6 10. O-O Bb7 11. Qe2 c5 12. Rfd1 Nd5 13. Bxd5 Bxd5 14. Nxd5
Bxg5 15. dxc5 Nxc5 16. Nc3 Qe7 17. Nxg5 Qxg5 18. b4 Nb7 19. Rd7 Qe5 20. Rc1
Rfc8 21. f4 Qf6 22. Qd2 Rd8 23. Ne4 Qg6 24. Ng5 h6 25. Nxf7 Rxd7 26. Qxd7 Qxf7
27. Qxf7+ Kxf7 28. Rc7+ Kf6 29. Rxb7 b5 30. axb5 axb5 31. Kf2 h5 32. Rxb5 g6
33. Kf3 Ra3 34. g3 Rb3 35. h3 Rb1 36. g4 Rf1+ 37. Ke4 1-0

[Event "V C.to Unione Europea"]
[Site "Arvier ITA"]
[Date "2010.09.12"]
[Round "9"]
[White "Frank, Albert"]
[Black "Bogatto, Mario"]
[Result "1/2-1/2"]
[WhiteElo "1923"]
[BlackElo "1455"]
[PlyCount "51"]
[EventDate "2010.09.04"]

1. e4 c5 2. Nf3 e6 3. c3 d6 4. d4 cxd4 5. Nxd4 Nf6 6. Be2 Be7 7. Be3 a6 8. Nd2
Nc6 9. O-O O-O 10. f4 Qc7 11. Bf3 e5 12. Nxc6 bxc6 13. fxe5 dxe5 14. Nc4 Rb8
15. b3 Rd8 16. Qe2 Be6 17. Rad1 Rd7 18. Rxd7 Nxd7 19. Rd1 Bxc4 20. Qxc4 a5 21.
Bh5 g6 22. Rf1 Nf6 23. Be2 Kg7 24. g4 Bf8 25. g5 Ne8 26. Bg4 1/2-1/2

[Event "V C.to Unione Europea"]
[Site "Arvier ITA"]
[Date "2010.09.12"]
[Round "9"]
[White "Llanes Hurtado, Miguel"]
[Black "Jaracz, Pawel"]
[Result "1/2-1/2"]
[WhiteElo "2474"]
[BlackElo "2543"]
[PlyCount "20"]
[EventDate "2010.09.04"]

1. d4 Nf6 2. c4 e6 3. Nf3 d5 4. Nc3 c5 5. cxd5 Nxd5 6. g3 Nc6 7. Bg2 cxd4 8.
Nxd4 Bb4 9. Nxc6 bxc6 10. O-O O-O 1/2-1/2

[Event "V C.to Unione Europea"]
[Site "Arvier ITA"]
[Date "2010.09.12"]
[Round "9"]
[White "Mazzetta, Renato"]
[Black "Batoni, Fabrizio"]
[Result "1/2-1/2"]
[WhiteElo "1920"]
[BlackElo "1910"]
[PlyCount "92"]
[EventDate "2010.09.04"]

1. e4 d6 2. Nc3 g6 3. g3 c5 4. d3 Bg7 5. Bg2 Nf6 6. h3 Nc6 7. Nge2 O-O 8. O-O
Bd7 9. f4 Rb8 10. g4 b5 11. Ng3 Qc7 12. g5 Ne8 13. Nd5 Qd8 14. c3 e6 15. Ne3 b4
16. Bd2 bxc3 17. bxc3 Qa5 18. Nc4 Qc7 19. Rb1 f5 20. exf5 exf5 21. Qe2 Qd8 22.
h4 Nc7 23. Nxd6 Ne7 24. Rxb8 Qxb8 25. Qxe7 Be6 26. h5 Rd8 27. hxg6 hxg6 28. Re1
Rd7 29. Rxe6 Rxe7 30. Rxe7 Bf8 31. Rd7 Qb1+ 32. Bf1 Qxa2 33. Be3 Ne6 34. d4 Qa4
35. Bb5 Qd1+ 36. Kf2 cxd4 37. cxd4 Qc2+ 38. Ne2 Bxd6 39. Rxd6 Nc7 40. Rc6 Qb1
41. Bc4+ Kh8 42. Rxc7 Qh1 43. d5 Qh4+ 44. Kg2 Qg4+ 45. Ng3 Qd1 46. Rxa7 Qxd5+
1/2-1/2

[Event "V C.to Unione Europea"]
[Site "Arvier ITA"]
[Date "2010.09.12"]
[Round "9"]
[White "Messina, Roberta"]
[Black "Valenti, Giuseppe"]
[Result "0-1"]
[WhiteElo "1890"]
[BlackElo "2162"]
[PlyCount "66"]
[EventDate "2010.09.04"]

1. e4 c5 2. Nf3 e6 3. d4 cxd4 4. Nxd4 a6 5. c4 Qc7 6. Nc3 Nf6 7. Qe2 d6 8. g4
Nc6 9. Nxc6 bxc6 10. g5 Nd7 11. f4 g6 12. Bg2 Bg7 13. h4 Bb7 14. f5 Be5 15. Qg4
Nc5 16. fxe6 Nd3+ 17. Ke2 Nc5 18. Be3 Nxe6 19. Rad1 Bc8 20. Qf3 Qa5 21. Rhf1
O-O 22. Bh3 Qb4 23. Bxe6 Bxe6 24. Bd4 Bxc4+ 25. Ke3 Bxf1 26. Bxe5 dxe5 27. Rxf1
Qxb2 28. Ne2 Qb6+ 29. Kd2 Rad8+ 30. Kc2 Rb8 31. Qc3 Qb5 32. Ng3 Rfd8 33. Ra1
Qa4+ 0-1

[Event "V C.to Unione Europea"]
[Site "Arvier ITA"]
[Date "2010.09.12"]
[Round "9"]
[White "Montani, Riccardo"]
[Black "Fox, Anthony"]
[Result "0-1"]
[WhiteElo "1893"]
[BlackElo "2130"]
[PlyCount "76"]
[EventDate "2010.09.04"]

1. e4 e5 2. Nf3 Nc6 3. d4 exd4 4. Bc4 Nf6 5. e5 d5 6. Bb5 Ne4 7. Nxd4 Bd7 8.
Bxc6 bxc6 9. O-O Bc5 10. f3 Ng5 11. f4 Ne4 12. Be3 Qe7 13. Nd2 Nd6 14. Re1 Nf5
15. Nxf5 Bxf5 16. Nb3 Bb6 17. a4 a5 18. Nd4 Bxd4 19. Qxd4 O-O 20. Qc3 Qe6 21.
h3 h5 22. Bc5 Rfe8 23. Re3 Qh6 24. Rf1 h4 25. Re2 Re6 26. Rff2 Rg6 27. Re3 Qh5
28. Rd2 Be4 29. Kf1 Qf5 30. Rf2 Rb8 31. b3 Rd8 32. Kg1 Kh7 33. Kf1 d4 34. Bxd4
Rd5 35. Kg1 c5 36. Bxc5 Rd1+ 37. Kh2 Qxf4+ 38. Rxf4 Rxg2# 0-1

[Event "V C.to Unione Europea"]
[Site "Arvier ITA"]
[Date "2010.09.12"]
[Round "9"]
[White "Pierantoni, Mauro"]
[Black "Ricci, Leonardo"]
[Result "1-0"]
[WhiteElo "1866"]
[BlackElo "1398"]
[PlyCount "73"]
[EventDate "2010.09.04"]

1. b4 d5 2. Bb2 Bf5 3. e3 e6 4. b5 c5 5. a4 Nf6 6. h3 Bd6 7. g4 Bg6 8. g5 Nh5
9. Be2 Qxg5 10. h4 Qh6 11. Nh3 Nf6 12. Ng5 O-O 13. f4 Ne8 14. h5 Bf5 15. Kf2
Nd7 16. d3 e5 17. Bg4 Bxg4 18. Qxg4 Rd8 19. Nd2 Qf6 20. Ndf3 Nc7 21. c4 Ne6 22.
Rag1 Nxg5 23. Nxg5 Nb6 24. Ke2 Nxa4 25. Ba1 Rfe8 26. Nf3 Re7 27. fxe5 Bxe5 28.
Nxe5 Rxe5 29. Rh3 Nb6 30. Rf3 Rde8 31. Rxf6 Rxe3+ 32. Kf1 Re1+ 33. Kg2 R8e2+
34. Rf2 Rxf2+ 35. Kxf2 Rxg1 36. Kxg1 Nd7 37. cxd5 1-0

[Event "V C.to Unione Europea"]
[Site "Arvier ITA"]
[Date "2010.09.12"]
[Round "9"]
[White "Ricci, Marco"]
[Black "Melone, Antonio"]
[Result "0-1"]
[WhiteElo "2081"]
[BlackElo "2016"]
[PlyCount "66"]
[EventDate "2010.09.04"]

1. e4 c6 2. d4 d5 3. Nd2 dxe4 4. Nxe4 Nd7 5. Nf3 e6 6. Bd3 Ngf6 7. Nxf6+ Nxf6
8. O-O Bd6 9. Bg5 b6 10. Ne5 Bb7 11. Qe2 Qc7 12. f4 O-O-O 13. f5 c5 14. fxe6
fxe6 15. Bxf6 gxf6 16. Rxf6 cxd4 17. Rf7 Qc5 18. Rxb7 Kxb7 19. Nf7 Qc7 20.
Nxd8+ Rxd8 21. h3 Qg7 22. Rf1 Qg3 23. Qe4+ Kb8 24. Rf7 Bc7 25. Rf3 Qh2+ 26. Kf1
Bg3 27. Ba6 Qh1+ 28. Ke2 d3+ 29. Rxd3 Qe1+ 30. Kf3 Qf2+ 31. Kg4 Rg8+ 32. Kh5
Qf7+ 33. Kh6 Qg7+ 0-1

[Event "V C.to Unione Europea"]
[Site "Arvier ITA"]
[Date "2010.09.12"]
[Round "9"]
[White "Schmid, Pablo"]
[Black "Dritsakos, Alessio"]
[Result "1-0"]
[WhiteElo "2087"]
[BlackElo "1971"]
[PlyCount "35"]
[EventDate "2010.09.04"]

1. e4 e5 2. Bc4 Nf6 3. d3 Nc6 4. Nc3 Na5 5. Nge2 Nxc4 6. dxc4 Bb4 7. Qd3 O-O 8.
Bd2 Re8 9. a3 Bc5 10. h3 a5 11. g4 b6 12. Ng3 d6 13. Bg5 c6 14. Nh5 Bd4 15.
Bxf6 Bxc3+ 16. Qxc3 gxf6 17. Qd2 Qe7 18. Qh6 1-0

[Event "V C.to Unione Europea"]
[Site "Arvier ITA"]
[Date "2010.09.12"]
[Round "9"]
[White "Yeuillaz, Corrado"]
[Black "Suba, Mihai"]
[Result "0-1"]
[WhiteElo "2227"]
[BlackElo "2464"]
[PlyCount "96"]
[EventDate "2010.09.04"]

1. e4 c5 2. Nf3 d6 3. d4 Nf6 4. Nc3 cxd4 5. Nxd4 e6 6. Be3 a6 7. a4 b6 8. Be2
Bb7 9. f3 Be7 10. O-O O-O 11. Qd2 Qc7 12. Rfd1 Rd8 13. Qe1 Nbd7 14. Nb3 Nc5 15.
Qf2 Nfd7 16. Nd2 Ne5 17. Kh1 Rab8 18. f4 Nc6 19. Nf3 Nb4 20. Bd3 Bc6 21. Nd4
Bf6 22. f5 Ba8 23. fxe6 fxe6 24. Bc4 d5 25. exd5 exd5 26. Bd3 Rf8 27. Nf3 Nbxd3
28. cxd3 d4 29. Bxd4 Bxd4 30. Qxd4 Nb3 31. Qe3 Nxa1 32. Rxa1 Bxf3 33. gxf3 Qf4
34. Qe6+ Kh8 35. Rf1 Rf6 36. Qe4 Rbf8 37. Qe2 Qd4 38. Ne4 Rf5 39. b3 h6 40. Kg2
Rd5 41. Rd1 Rfd8 42. Qc2 Qe3 43. Qf2 Qxf2+ 44. Nxf2 Rg5+ 45. Kf1 Rf5 46. Ke2
Rdf8 47. Rg1 Rxf3 48. Ne4 Kh7 0-1

[Event "XII Open"]
[Site "Crema ITA"]
[Date "2010.09.05"]
[Round "1"]
[White "Adami, Alessandro"]
[Black "Bocci, Alessandro"]
[Result "1/2-1/2"]
[WhiteElo "1675"]
[BlackElo "1965"]
[PlyCount "76"]
[EventDate "2010.09.03"]

1. e4 c5 2. Nc3 Nc6 3. g3 g6 4. Bg2 Bg7 5. d3 d6 6. Be3 Nf6 7. h3 O-O 8. Qd2
Bd7 9. Bh6 Rb8 10. Bxg7 Kxg7 11. f4 b5 12. g4 b4 13. Nd1 e5 14. f5 Nd4 15. g5
Nh5 16. f6+ Kh8 17. Nf3 Nxf3+ 18. Bxf3 Nf4 19. h4 h5 20. Ne3 Be6 21. b3 a5 22.
a4 d5 23. Nxd5 Nxd5 24. exd5 Bxd5 25. Bxd5 Qxd5 26. O-O-O Rbd8 27. Qe2 Rfe8 28.
Qe4 Kg8 29. Qxd5 Rxd5 30. Rhe1 Kf8 31. Re4 Re6 32. Rde1 Ke8 33. Kd2 Kd7 34. c4
bxc3+ 35. Kxc3 Kd6 36. Kc4 Re8 37. Kc3 Rb8 38. Rc4 Rb7 1/2-1/2

[Event "XII Open"]
[Site "Crema ITA"]
[Date "2010.09.05"]
[Round "1"]
[White "Agnelli, Francesco"]
[Black "Casale, Anania"]
[Result "1-0"]
[WhiteElo "2044"]
[BlackElo "1732"]
[PlyCount "47"]
[EventDate "2010.09.03"]

1. e4 c5 2. Nf3 e6 3. d4 cxd4 4. Nxd4 a6 5. Nc3 Nc6 6. Be3 Nf6 7. Qd2 Be7 8. f3
O-O 9. O-O-O b5 10. g4 h6 11. h4 Nh7 12. g5 hxg5 13. hxg5 Bxg5 14. Nxc6 dxc6
15. Bxg5 Qxg5 16. f4 Qg6 17. Bd3 f5 18. Rdg1 Qe8 19. Qh2 Nf6 20. e5 Ng4 21.
Rxg4 fxg4 22. Qh7+ Kf7 23. Bg6+ Ke7 24. Bxe8 1-0

[Event "XII Open"]
[Site "Crema ITA"]
[Date "2010.09.05"]
[Round "1"]
[White "Aliberti, Emilio"]
[Black "Raimondi, Giorgio"]
[Result "1/2-1/2"]
[WhiteElo "1877"]
[BlackElo "1503"]
[PlyCount "96"]
[EventDate "2010.09.03"]

1. d4 Nf6 2. c4 e6 3. g3 c5 4. d5 exd5 5. cxd5 d6 6. Bg2 g6 7. Nf3 Bg7 8. O-O
O-O 9. Nc3 Nbd7 10. h3 Nb6 11. e4 Nfd7 12. Bf4 Qe7 13. Re1 Nc4 14. Qe2 Nce5 15.
Nxe5 Nxe5 16. Rad1 f6 17. Be3 a6 18. f4 Nf7 19. a4 Re8 20. Kh2 Bd7 21. Qd3 Qd8
22. b3 Rb8 23. Bf2 b5 24. axb5 axb5 25. g4 Qb6 26. b4 c4 27. Bxb6 cxd3 28. Bd4
Ra8 29. Rxd3 Ra3 30. Rdd1 Rc8 31. Rc1 Rc4 32. Nb1 Rb3 33. Rxc4 bxc4 34. Bc3 g5
35. Bf3 gxf4 36. Rc1 Bb5 37. Bd1 f5 38. Bxb3 cxb3 39. exf5 Ne5 40. Nd2 Nd3 41.
f6 Bxf6 42. Bxf6 Nxc1 43. Be7 b2 44. Bxd6 Bc4 45. Bxf4 Bxd5 46. b5 Nb3 47. Nb1
Be4 48. b6 Nc5 1/2-1/2

[Event "XII Open"]
[Site "Crema ITA"]
[Date "2010.09.05"]
[Round "1"]
[White "Astengo, Marcello"]
[Black "Borboni, Paolo"]
[Result "1-0"]
[WhiteElo "2064"]
[BlackElo "1745"]
[PlyCount "72"]
[EventDate "2010.09.03"]

1. d4 d5 2. c4 e6 3. Nc3 Nf6 4. cxd5 exd5 5. Bg5 Nbd7 6. e3 c6 7. Bd3 Be7 8.
Qc2 O-O 9. Nge2 Re8 10. O-O Nf8 11. f3 Ng6 12. h3 Nh5 13. Bxe7 Qxe7 14. e4 Qg5
15. Kh2 Ngf4 16. Rg1 Qh4 17. Nxf4 Nxf4 18. Bf1 Nh5 19. Rd1 dxe4 20. g3 Qg5 21.
fxe4 Qe3 22. e5 Re6 23. Rd3 Qh6 24. Rf3 Rg6 25. Qb3 Be6 26. Qxb7 Rf8 27. Qxa7
Bg4 28. Rf2 Qe3 29. Rc2 Bf3 30. Qa6 Nf4 31. d5 Nh5 32. Qd3 Qxd3 33. Bxd3 cxd5
34. Bxg6 fxg6 35. Rf1 Be4 36. Rxf8+ Kxf8 1-0

[Event "XII Open"]
[Site "Crema ITA"]
[Date "2010.09.05"]
[Round "1"]
[White "Attuati, Sara"]
[Black "Milanesi, Erminio"]
[Result "1/2-1/2"]
[WhiteElo "1455"]
[BlackElo "1855"]
[PlyCount "65"]
[EventDate "2010.09.03"]

1. e4 g6 2. d4 Nh6 3. Nf3 f6 4. c4 Nf7 5. Nc3 Bg7 6. Bd3 d6 7. Be3 c6 8. O-O
O-O 9. Qd2 Na6 10. a3 Nc7 11. Rad1 Bg4 12. Be2 Qc8 13. b4 Rd8 14. d5 cxd5 15.
exd5 Ne5 16. Nxe5 fxe5 17. Ne4 Bxe2 18. Qxe2 h6 19. Rd3 Ne8 20. Rc1 Qf5 21. Ng3
Qd7 22. Ne4 Nf6 23. f3 Rdc8 24. Qd2 Kh7 25. Qf2 Rf8 26. Qh4 Nh5 27. g4 Nf4 28.
Bxf4 Rxf4 29. Ng5+ Kg8 30. Ne6 g5 31. Qe1 Rf6 32. Qe3 b6 33. Kg2 1/2-1/2

[Event "XII Open"]
[Site "Crema ITA"]
[Date "2010.09.05"]
[Round "1"]
[White "Bertoletti, Vincenzo"]
[Black "Mussap, Angelo"]
[Result "0-1"]
[WhiteElo "1737"]
[BlackElo "2051"]
[PlyCount "108"]
[EventDate "2010.09.03"]

1. d4 e6 2. e4 Nf6 3. Bg5 Be7 4. Bd3 c5 5. dxc5 Qa5+ 6. c3 Qxc5 7. Nf3 Ng4 8.
Nd4 Qxg5 9. O-O O-O 10. h3 Nf6 11. Nd2 Nc6 12. f4 Qh6 13. Qf3 Bc5 14. N2b3 Bb6
15. g4 Qh4 16. Kg2 Bxd4 17. cxd4 d5 18. e5 Nd7 19. Rac1 a5 20. a3 a4 21. Nd2
Nxd4 22. Qe3 Nc6 23. Nf3 Qd8 24. h4 Qb6 25. Qd2 Nc5 26. Qf2 d4 27. Bxh7+ Kxh7
28. Qc2+ d3 29. Qxc5 Qxc5 30. Rxc5 Rd8 31. Rd1 Ra5 32. Rc3 Rad5 33. Ng5+ Kg8
34. Ne4 Rd4 35. Kf3 Ne7 36. Ke3 R4d7 37. Kf3 b6 38. Kg3 Ba6 39. Nd6 Nd5 40.
Rcc1 Ne3 41. Rd2 f6 42. Kf3 Nd5 43. h5 fxe5 44. fxe5 Rf8+ 45. Kg3 Rc7 46. Rh1
Rc2 47. Rhh2 Ne3 48. Rxc2 dxc2 49. Rh1 Nd1 50. h6 c1=Q 51. h7+ Kh8 52. Re1 Qf4+
53. Kh3 Nf2+ 54. Kh4 Qxg4# 0-1

[Event "XII Open"]
[Site "Crema ITA"]
[Date "2010.09.05"]
[Round "1"]
[White "Bolico, Exfelicos"]
[Black "Baccarin, Stefano"]
[Result "1-0"]
[WhiteElo "2160"]
[BlackElo "1794"]
[PlyCount "93"]
[EventDate "2010.09.03"]

1. d4 Nf6 2. Nf3 g6 3. Bg5 Bg7 4. Nbd2 O-O 5. e4 d6 6. c3 c5 7. Be2 Nc6 8. O-O
Bd7 9. dxc5 dxc5 10. Qc2 h6 11. Be3 b6 12. a4 Ng4 13. Bf4 Nge5 14. Nxe5 Nxe5
15. Nc4 Nxc4 16. Bxc4 e5 17. Be3 Qe7 18. Rfd1 Rad8 19. Bd5 Be6 20. c4 Rd6 21.
a5 Bxd5 22. Rxd5 Rxd5 23. cxd5 Qd6 24. axb6 axb6 25. Ra6 Rc8 26. Qb3 Rb8 27.
Qb5 Bf8 28. Ra7 f5 29. f3 fxe4 30. fxe4 g5 31. Qf1 Qg6 32. Qd3 Bd6 33. Ra6 Qf6
34. b4 Qf8 35. b5 Ra8 36. Qf1 Qxf1+ 37. Kxf1 Rxa6 38. bxa6 Bb8 39. Ke2 Kf8 40.
h4 Ke7 41. hxg5 hxg5 42. Bxg5+ Kd7 43. g4 b5 44. Bf6 b4 45. Bxe5 Ba7 46. Kd3
Bb6 47. g5 1-0

[Event "XII Open"]
[Site "Crema ITA"]
[Date "2010.09.05"]
[Round "1"]
[White "Bonade', Massimo"]
[Black "Biava, Pierluigi"]
[Result "1-0"]
[WhiteElo "2091"]
[BlackElo "1765"]
[PlyCount "127"]
[EventDate "2010.09.03"]

1. d4 Nf6 2. Nf3 e6 3. e3 b6 4. Bd3 Bb7 5. Nbd2 Be7 6. O-O O-O 7. b3 d6 8. Bb2
Nbd7 9. c4 c5 10. Qc2 Rc8 11. Rac1 cxd4 12. exd4 b5 13. Rfe1 bxc4 14. bxc4 Rc7
15. Re3 Nd5 16. Bxh7+ Kh8 17. Ree1 Nb4 18. Qb3 d5 19. Bb1 dxc4 20. Nxc4 Bd5 21.
Nfd2 g6 22. a3 Nc6 23. Qg3 Nf6 24. Ne3 Bd6 25. Qh4+ Kg7 26. Nxd5 Nxd5 27. Qxd8
Rxd8 28. g3 Rb8 29. Nc4 Bf8 30. Be4 Rxb2 31. Nxb2 Bxa3 32. Bxd5 exd5 33. Rc2
Bxb2 34. Rxb2 Nxd4 35. Rd1 Rc4 36. Ra2 Nb5 37. Ra5 Nc3 38. Rd3 d4 39. Rxa7 Nb5
40. Rb7 Nd6 41. Rd7 Nf5 42. Kf1 Kf6 43. Ke2 Ke6 44. Rd8 Rc2+ 45. Rd2 Rc4 46. h3
Ke7 47. Ra8 Kd6 48. g4 Ne7 49. Rd8+ Kc5 50. h4 Nc6 51. Rc8 Kd5 52. h5 gxh5 53.
gxh5 Rc3 54. Rd3 Rc2+ 55. Kf1 Ke4 56. Rg3 d3 57. Re8+ Kd4 58. h6 Rc1+ 59. Kg2
d2 60. h7 d1=Q 61. h8=Q+ Kc5 62. Rc3+ Kb6 63. Rb8+ Kc7 64. Qc8+ 1-0

[Event "XII Open"]
[Site "Crema ITA"]
[Date "2010.09.05"]
[Round "1"]
[White "Bongiorni, Gabriele"]
[Black "Bonazzi, Edoardo"]
[Result "0-1"]
[WhiteElo "1795"]
[BlackElo "2188"]
[PlyCount "90"]
[EventDate "2010.09.03"]

1. d4 Nf6 2. Nf3 c5 3. c4 g6 4. Nc3 cxd4 5. Nxd4 Bg7 6. g3 Nc6 7. Bg2 O-O 8.
O-O Nxd4 9. Qxd4 d6 10. Rd1 Be6 11. Bxb7 Rb8 12. Bg2 Nd5 13. Qxa7 Nxc3 14. bxc3
Bxc3 15. Bh6 Bxa1 16. Bxf8 Bf6 17. Bh6 Bxc4 18. Bf3 Rb2 19. Rd2 Rb1+ 20. Kg2 d5
21. Be4 Rb8 22. Qc5 Rc8 23. Qb4 e6 24. Bd3 Qc7 25. Rc2 Rb8 26. Qd2 Qb7 27. Qf4
Bh8 28. Bxc4 dxc4+ 29. f3 c3 30. Qd6 Qb4 31. Qd3 Qd4 32. Qxd4 Bxd4 33. Bc1 Kg7
34. e3 Rb2 35. Rf2 Rb1 36. exd4 Rxc1 37. Kh3 Kf6 38. g4 Ke7 39. Kg3 Kd6 40. Kf4
Kd5 41. Ke3 Kc4 42. Re2 Rb1 43. h4 Rb2 44. h5 c2 45. Re1 Rb1 0-1